| 000 | 01489nam a22004337a 4500 | ||
|---|---|---|---|
| 003 | CHAP | ||
| 005 | 20220817044057.0 | ||
| 008 | 060310d it rn 00110 eng d | ||
| 010 | _a91668 | ||
| 011 | _a92640 | ||
| 020 | _a9251052972 | ||
| 035 | _a103205 | ||
| 040 | _cCHAP | ||
| 082 | 0 | 4 |
_a639.2 _bF62 v.2 |
| 110 | 2 | _aFAO | |
| 245 | 1 | 0 |
_aManagement of tuna fishing capacity : conservation and socio-economics _c/ed. by William H. Bayliff, Juan Ignacio de Leiva Moreno and Jacek Majkowski |
| 260 |
_aRome : _bFAO, _c2005. |
||
| 300 | _a336 p. | ||
| 410 | 0 | 0 | _aFAO |
| 490 | 0 |
_aFisheries proceedings _v; 2 |
|
| 590 |
_aBATCH-UPD _b10 _c20130110 _lUCH01 _h0327 |
||
| 590 |
_aBATCH-UPD _b10 _c20130110 _lUCH01 _h1826 |
||
| 590 |
_aBATCH-UPD _b10 _c20130410 _lUCH01 _h0000 |
||
| 590 |
_aBATCH-UPD _b10 _c20130914 _lUCH01 _h0427 |
||
| 590 |
_aCONVERSION _b10 _c20130109 _lUCH01 _h1351 |
||
| 650 | 1 | 4 |
_aAtún. _98265 |
| 650 | 1 | 4 |
_aPesca _xAspectos económicos. _987361 |
| 650 | 1 | 4 |
_aRecursos marinos _xAdministración. _995143 |
| 700 | 0 |
_aBayliff, William H. _eed. _911003 |
|
| 700 | 0 |
_aMajkowski, Jacek _eed. _969944 |
|
| 700 | 1 |
_aLeiva Moreno, Juan Ignacio de _eed. _965917 |
|
| 711 | 2 |
_aMeeting of the Technical Advisory Committee of the FAO Project _n2: _d2004 : _cMadrid, Spain _974169 |
|
| 810 | 0 | _aFAO | |
| 830 | 0 | 0 |
_aFisheries proceedings _v; 2 _941120 |
| 901 | _aBK | ||
| 905 | _aLilia | ||
| 942 | _cLIBRO | ||
| 949 |
_a639.2 F62 v.2 _bBC _cFAO _d33724000968277 _eFAO1 _h107689 _i103205 _sb |
||
| 999 |
_c91668 _d91668 |
||